[Event "CAN op"]
[Site "Calgary CAN"]
[Date "2023.07.26"]
[Round "6.50"]
[White "Miller, Brian"]
[Black "Aird, Ian"]
[Result "1/2-1/2"]
[WhiteElo "1677"]
[BlackElo "1881"]
[PlyCount "89"]
[EventDate "2023.07.22"]
[EventType "swiss"]
[EventRounds "10"]
[EventCountry "CAN"]

1. d4 d5 2. Nf3 Nf6 3. g3 c5 4. c4 dxc4 5. Nc3 e6 6. Bg2 Nc6 7. e3 Bd7 8. O-O
Rc8 9. Qe2 Na5 10. Ne5 cxd4 11. exd4 Be7 12. d5 O-O 13. Rd1 Qe8 14. d6 Bd8 15.
Bf4 Bb6 16. Bg5 Bd8 17. Bf4 Bb6 18. Rd2 Qd8 19. Bg5 Kh8 20. Nxd7 Qxd7 21. Bxf6
gxf6 22. Ne4 Bd8 23. Qh5 f5 24. Ng5 Bxg5 25. Qxg5 Rg8 26. Qf6+ Rg7 27. Rd4 Kg8
28. Rad1 Rg6 29. Qe5 Nc6 30. Bxc6 Rxc6 31. h3 b6 32. Kh2 Rc5 33. Qe2 b5 34. a4
e5 35. Rd5 Rxd5 36. Rxd5 Rxd6 37. Rxb5 e4 38. Qxc4 Rd2 39. Rb8+ Kg7 40. Qc3+
Qd4 41. Qxd4+ Rxd4 42. b4 Rd2 43. Kg1 Ra2 44. a5 Kf6 45. Rb7 1/2-1/2

[Event "CAN op"]
[Site "Calgary CAN"]
[Date "2023.07.26"]
[Round "6.51"]
[White "Ntete, Cally"]
[Black "Zhang, James"]
[Result "0-1"]
[WhiteElo "1650"]
[BlackElo "1742"]
[PlyCount "92"]
[EventDate "2023.07.22"]
[EventType "swiss"]
[EventRounds "10"]
[EventCountry "CAN"]

1. d4 d5 2. c4 c6 3. Nc3 Nf6 4. Bg5 dxc4 5. e4 b5 6. g3 h6 7. Bxf6 exf6 8. Bg2
Bb7 9. Nge2 Be7 10. O-O O-O 11. a3 Nd7 12. d5 Ne5 13. Nd4 a6 14. Qc2 Bc5 15.
Nf5 Qd7 16. Rad1 Nd3 17. b4 Bb6 18. dxc6 Bxc6 19. Qe2 Kh7 20. Nd5 Bxd5 21. exd5
Rae8 22. Qf3 Re5 23. Ne3 Bxe3 24. fxe3 Rfe8 25. e4 Kg8 26. h4 Qd6 27. Kh2 f5
28. exf5 Re3 29. Qg4 Re2 30. Kh3 Nf2+ 31. Rxf2 Rxf2 32. Bf3 Re3 33. Be4 Ree2
34. Rh1 f6 35. Bf3 Re3 36. Be4 Qe5 37. d6 Rxe4 38. d7 Rd2 39. Rd1 Rxg4 40.
d8=Q+ Rxd8 41. Rxd8+ Kh7 42. Kxg4 Qe4+ 43. Kh3 h5 44. Rd2 c3 45. Rf2 c2 46. Rf1
Qe3 0-1

[Event "CAN op"]
[Site "Calgary CAN"]
[Date "2023.07.26"]
[Round "6.52"]
[White "Gibson, Leroy"]
[Black "Zhao, Erin"]
[Result "0-1"]
[WhiteElo "1686"]
[BlackElo "1613"]
[PlyCount "108"]
[EventDate "2023.07.22"]
[EventType "swiss"]
[EventRounds "10"]
[EventCountry "CAN"]

1. Nf3 d5 2. d4 Nf6 3. Bf4 c5 4. e3 Nc6 5. Bb5 Bd7 6. O-O e6 7. Nbd2 a6 8. Bxc6
Bxc6 9. Ne5 Rc8 10. Nxc6 Rxc6 11. c3 Be7 12. Re1 O-O 13. Bg5 h6 14. Bh4 Nd7 15.
Bg3 Bf6 16. Nf3 Qb6 17. Qe2 Rfc8 18. Rab1 Qa7 19. h3 b5 20. a3 b4 21. axb4 cxb4
22. cxb4 Qb6 23. Nh2 Qxb4 24. Ng4 a5 25. Nxf6+ Nxf6 26. f3 Rc2 27. Qd3 Rxb2 28.
Rxb2 Qxb2 29. Re2 Rc1+ 30. Be1 Qa1 31. Kf2 a4 32. Qd2 a3 33. Qa2 Rxe1 34. Qxa1
Rxa1 35. Kg3 Ne8 36. e4 Nc7 37. Rc2 Na6 38. Rc8+ Kh7 39. exd5 exd5 40. Ra8 Nb4
41. Ra4 a2 42. Rxb4 Rb1 43. Ra4 a1=Q 44. Rxa1 Rxa1 45. Kf4 Re1 46. g4 Kg6 47.
h4 h5 48. gxh5+ Kxh5 49. Kf5 f6 50. f4 Rd1 51. Ke6 Rxd4 52. f5 Rd1 53. Kf7 Rg1
54. Ke6 d4 0-1

[Event "CAN op"]
[Site "Calgary CAN"]
[Date "2023.07.26"]
[Round "6.53"]
[White "Hawkshaw, Kevin"]
[Black "Yu, Ryan"]
[Result "1-0"]
[WhiteElo "1840"]
[BlackElo "1540"]
[PlyCount "63"]
[EventDate "2023.07.22"]
[EventType "swiss"]
[EventRounds "10"]
[EventCountry "CAN"]

1. c4 e5 2. Nc3 Bb4 3. Nd5 Bc5 4. e3 c6 5. Nc3 Bb4 6. d4 Qc7 7. a3 Bxc3+ 8.
bxc3 d6 9. Qc2 Nf6 10. Bd3 O-O 11. Nf3 Bg4 12. Nd2 Nbd7 13. O-O Rac8 14. f4
exf4 15. exf4 Rfe8 16. Ne4 Nxe4 17. Bxe4 Nf6 18. Bd3 d5 19. Bd2 c5 20. cxd5
cxd4 21. c4 b5 22. Rac1 Qd7 23. h3 Bxh3 24. gxh3 Qxh3 25. Rf2 bxc4 26. Bxc4 Ne4
27. Rh2 Qg3+ 28. Rg2 Qxa3 29. Qd3 Qd6 30. Bb5 Rxc1+ 31. Bxc1 Re7 32. Ba3 1-0

[Event "CAN op"]
[Site "Calgary CAN"]
[Date "2023.07.26"]
[Round "6.54"]
[White "Santelices, Philip"]
[Black "Chacon, Jose Eduardo"]
[Result "0-1"]
[WhiteElo "1622"]
[BlackElo "1983"]
[PlyCount "40"]
[EventDate "2023.07.22"]
[EventType "swiss"]
[EventRounds "10"]
[EventCountry "CAN"]

1. e4 e6 2. d4 d5 3. exd5 exd5 4. Nf3 Nf6 5. Bd3 c5 6. c3 Bd6 7. Be3 c4 8. Be2
O-O 9. h3 Re8 10. Nbd2 Rxe3 11. fxe3 Bg3+ 12. Kf1 Qe7 13. Ne5 Nc6 14. Ndf3 Ne4
15. Qc2 Bf5 16. Bxc4 dxc4 17. Nxc4 Nd6 18. Qe2 Nxc4 19. Qxc4 Qxe3 20. Qe2 Bd3
0-1

[Event "CAN op"]
[Site "Calgary CAN"]
[Date "2023.07.26"]
[Round "6.55"]
[White "Zou, Alex"]
[Black "Koo, Minjun"]
[Result "1/2-1/2"]
[WhiteElo "1742"]
[BlackElo "1661"]
[PlyCount "72"]
[EventDate "2023.07.22"]
[EventType "swiss"]
[EventRounds "10"]
[EventCountry "CAN"]

1. c4 e6 2. Nc3 Be7 3. g3 d5 4. cxd5 exd5 5. d4 Nf6 6. Bg2 c6 7. Nf3 Nbd7 8.
Bd2 O-O 9. O-O Re8 10. e3 Bf8 11. Rc1 g6 12. Ne1 Bg7 13. Nd3 b6 14. Qa4 Bb7 15.
Nb4 b5 16. Qc2 Bf8 17. Nd3 Qb6 18. Ne2 a5 19. b4 a4 20. a3 Ne4 21. Be1 Nef6 22.
Nc5 Nxc5 23. dxc5 Qc7 24. Nd4 Bg7 25. Bc3 Ne4 26. Bb2 Ng5 27. Nf3 Nxf3+ 28.
Bxf3 Bxb2 29. Qxb2 Qe5 30. Qd4 Qxd4 31. exd4 Re7 32. Rfe1 Rae8 33. Kf1 Bc8 34.
Bg2 Bf5 35. Rxe7 Rxe7 36. Rc3 Kg7 1/2-1/2

[Event "CAN op"]
[Site "Calgary CAN"]
[Date "2023.07.26"]
[Round "6.56"]
[White "Raman, Shanker"]
[Black "Sasata, Alexander"]
[Result "0-1"]
[WhiteElo "1601"]
[BlackElo "1736"]
[PlyCount "94"]
[EventDate "2023.07.22"]
[EventType "swiss"]
[EventRounds "10"]
[EventCountry "CAN"]

1. d4 d5 2. c4 c6 3. Nc3 Nf6 4. Nf3 dxc4 5. a4 Bf5 6. e3 e6 7. Bxc4 Bb4 8. O-O
O-O 9. Qe2 Nbd7 10. e4 Bg6 11. Bd3 Bh5 12. Rd1 e5 13. d5 cxd5 14. Nxd5 Nxd5 15.
exd5 f5 16. Bg5 Bxf3 17. Bxd8 Bxe2 18. Bxe2 Raxd8 19. Bc4 Nb6 20. Bb3 Bd6 21.
g3 a5 22. Kg2 Rc8 23. Rac1 Rxc1 24. Rxc1 Rc8 25. Rd1 Kf7 26. Rd2 g5 27. Bc2 e4
28. Bd1 g4 29. h3 h5 30. hxg4 hxg4 31. Bb3 Kf6 32. Rd1 Ke5 33. Rh1 Nxd5 34. Rh7
Rc7 35. Rh5 Nb4 36. Bg8 Nd3 37. Bh7 Rf7 38. b3 Bc5 39. Bg6 Rf6 40. Be8 Nxf2 41.
Rh7 b6 42. Bd7 e3 43. Kf1 Rd6 44. Rf7 Rf6 45. Rh7 Ne4 46. Kg2 e2 47. Rh1 Bb4
0-1

[Event "CAN op"]
[Site "Calgary CAN"]
[Date "2023.07.26"]
[Round "6.57"]
[White "Todd, Nick"]
[Black "Wong, Ford"]
[Result "0-1"]
[WhiteElo "1525"]
[BlackElo "1721"]
[PlyCount "92"]
[EventDate "2023.07.22"]
[EventType "swiss"]
[EventRounds "10"]
[EventCountry "CAN"]

1. Nf3 Nf6 2. c4 g6 3. d4 Bg7 4. Nc3 d6 5. Bg5 Nbd7 6. e3 O-O 7. Bd3 c6 8. O-O
h6 9. Bh4 g5 10. Bg3 Nh5 11. Qe2 Ndf6 12. b4 Nxg3 13. fxg3 Ng4 14. Rfe1 Qb6 15.
Rab1 e5 16. h3 Nf6 17. Kh2 Qc7 18. c5 exd4 19. cxd6 Qxd6 20. exd4 Nh5 21. Ne4
Qc7 22. Qf2 Be6 23. a3 Rfe8 24. Nc5 Bd5 25. Be4 Bxe4 26. Nxe4 Re7 27. Qc2 f5
28. Nc5 Qxg3+ 29. Kh1 Rxe1+ 30. Rxe1 Qf4 31. Qf2 Ng3+ 32. Kg1 Ne4 33. Qa2+ Kh8
34. Ne6 Qd6 35. Nxg7 Kxg7 36. Qc4 Rd8 37. Rd1 Qd5 38. Qc2 Kf6 39. Re1 Re8 40.
Qd3 h5 41. Qe3 f4 42. Qd3 Re6 43. Qd1 g4 44. hxg4 hxg4 45. Ne5 g3 46. Qg4 Qxd4+
0-1

[Event "CAN op"]
[Site "Calgary CAN"]
[Date "2023.07.26"]
[Round "6.58"]
[White "Sklenka, Steve"]
[Black "Alpuri, Aaqil"]
[Result "0-1"]
[WhiteElo "1550"]
[BlackElo "1704"]
[PlyCount "82"]
[EventDate "2023.07.22"]
[EventType "swiss"]
[EventRounds "10"]
[EventCountry "CAN"]

1. e4 c5 2. c4 Nc6 3. Nf3 d6 4. Nc3 a6 5. d3 e6 6. Be2 Nf6 7. O-O Be7 8. h3 O-O
9. Be3 Qc7 10. d4 cxd4 11. Nxd4 Rd8 12. b3 Bd7 13. Rc1 Qa5 14. Na4 Nxd4 15.
Bxd4 Bxa4 16. bxa4 Nxe4 17. Rb1 Nc5 18. Bf3 Rab8 19. Qc2 Qc7 20. Rb2 b6 21.
Rfb1 Rdc8 22. a5 bxa5 23. Rxb8 Rxb8 24. Rxb8+ Qxb8 25. Bxc5 dxc5 26. Qb3 Qd6
27. g3 g6 28. Qc2 Bf6 29. Kg2 Qd4 30. Bb7 Qd7 31. Bf3 a4 32. a3 Kg7 33. Bd1 Bd4
34. Kg1 Qc7 35. Kg2 Qb8 36. Qxa4 Qb7+ 37. Kg1 Qb2 38. Bc2 Qc1+ 39. Bd1 Qb2 40.
Bc2 Qc3 41. Qb3 Qe1+ 0-1

[Event "CAN op"]
[Site "Calgary CAN"]
[Date "2023.07.26"]
[Round "6.59"]
[White "Tcherni, Avram"]
[Black "Giles, Patrick"]
[Result "0-1"]
[WhiteElo "1701"]
[BlackElo "1653"]
[PlyCount "66"]
[EventDate "2023.07.22"]
[EventType "swiss"]
[EventRounds "10"]
[EventCountry "CAN"]

1. e4 c6 2. Nf3 d5 3. exd5 cxd5 4. b3 Nc6 5. d4 Bg4 6. Be2 Nf6 7. h3 Bh5 8. Nc3
e6 9. Bf4 Bb4 10. Bd2 Bxf3 11. Bxf3 Nxd4 12. a3 Nxf3+ 13. Qxf3 Be7 14. O-O O-O
15. Rfe1 Rc8 16. Ra2 a6 17. Rd1 b5 18. Ne2 Ne4 19. Bb4 Bc5 20. Kf1 a5 21. Be1
b4 22. a4 Qb6 23. Raa1 Be7 24. Qd3 Bf6 25. Rac1 Rc7 26. f3 Nc3 27. Nxc3 Bxc3
28. Bf2 Qd6 29. Qb5 Rfc8 30. Qxa5 Bb2 31. Rb1 Rxc2 32. Bd4 Bxd4 33. Rxd4 Qg3
0-1

[Event "CAN op"]
[Site "Calgary CAN"]
[Date "2023.07.26"]
[Round "6.60"]
[White "Wilson, Kim"]
[Black "Gokhale, Tanishka"]
[Result "1/2-1/2"]
[WhiteElo "1701"]
[BlackElo "1543"]
[PlyCount "76"]
[EventDate "2023.07.22"]
[EventType "swiss"]
[EventRounds "10"]
[EventCountry "CAN"]

1. c4 e5 2. Nc3 Nf6 3. g3 d5 4. cxd5 Nxd5 5. Bg2 c6 6. a3 Be6 7. Nf3 Bd6 8. d4
exd4 9. Qxd4 Nf6 10. Bg5 Be7 11. Qxd8+ Bxd8 12. O-O O-O 13. Rad1 Nbd7 14. Rd2
h6 15. Bxf6 Nxf6 16. Nd4 Bg4 17. h3 Bh5 18. Ne4 Bg6 19. Nxf6+ Bxf6 20. b4 Rad8
21. e3 Bxd4 22. Rxd4 Rxd4 23. exd4 Rd8 24. Rd1 Bc2 25. Rd2 Bb3 26. Be4 Bd5 27.
Bxd5 Rxd5 28. Kg2 Kf8 29. f4 a5 30. Kf3 Ke7 31. g4 Kd6 32. Ke3 Kc7 33. h4 Rb5
34. Rb2 axb4 35. a4 Ra5 36. Rxb4 b5 37. axb5 Rxb5 38. Ra4 Rb7 1/2-1/2

[Event "CAN op"]
[Site "Calgary CAN"]
[Date "2023.07.27"]
[Round "7.1"]
[White "Gupta, Abhijeet"]
[Black "Shirov, Alexei"]
[Result "1/2-1/2"]
[WhiteElo "2629"]
[BlackElo "2726"]
[PlyCount "58"]
[EventDate "2023.07.22"]
[EventType "swiss"]
[EventRounds "10"]
[EventCountry "CAN"]

1. d4 d5 2. c4 c6 3. Nf3 Nf6 4. cxd5 cxd5 5. Nc3 Nc6 6. Bf4 Bf5 7. e3 e6 8. Qb3
Bb4 9. Bb5 Bxc3+ 10. Qxc3 O-O 11. Bxc6 Rc8 12. Ne5 Ng4 13. Nxg4 Bxg4 14. Qb4
Rxc6 15. Qxb7 Qc8 16. Qxc8 Rfxc8 17. O-O h5 18. b3 f6 19. h4 Bf5 20. Rfe1 Ra6
21. a4 Rc3 22. Rec1 Rxb3 23. Bc7 Bd3 24. Rc5 Rb5 25. Bd6 Rb1+ 26. Rxb1 Bxb1 27.
Rc8+ Kf7 28. Rc7+ Kg8 29. Rc8+ Kf7 1/2-1/2

[Event "CAN op"]
[Site "Calgary CAN"]
[Date "2023.07.27"]
[Round "7.2"]
[White "Banerjee, Bitan"]
[Black "Mikhalevski, Victor"]
[Result "0-1"]
[WhiteElo "2495"]
[BlackElo "2599"]
[PlyCount "44"]
[EventDate "2023.07.22"]
[EventType "swiss"]
[EventRounds "10"]
[EventCountry "CAN"]

1. c4 e6 2. d4 d5 3. Nc3 c5 4. cxd5 cxd4 5. Qa4+ Bd7 6. Qxd4 exd5 7. Qxd5 Nf6
8. Qd1 Bc5 9. Nf3 O-O 10. e3 Qe7 11. Be2 Rd8 12. O-O Nc6 13. a3 Rac8 14. Bd2
Bd6 15. Nb5 Bb8 16. Nbd4 Ne4 17. Qe1 Bg4 18. Bb4 Qf6 19. Nxc6 Rxc6 20. h3 Bxh3
21. Nh2 Qg5 22. Bf3 Bxg2 0-1

[Event "CAN op"]
[Site "Calgary CAN"]
[Date "2023.07.26"]
[Round "7.3"]
[White "Komarov, Dimittri"]
[Black "Khodjimatov, Sherzod"]
[Result "1-0"]
[WhiteElo "2524"]
[BlackElo "2304"]
[PlyCount "42"]
[EventDate "2023.07.22"]
[EventType "swiss"]
[EventRounds "10"]
[EventCountry "CAN"]

1. d4 d5 2. Nf3 Nf6 3. c4 dxc4 4. Nc3 a6 5. e4 b5 6. e5 Nd5 7. a4 e6 8. axb5
Bb4 9. Qc2 Nb6 10. Be2 Bb7 11. O-O Qd7 12. bxa6 Nxa6 13. Na4 Nxa4 14. Qxa4 Bd5
15. Be3 c5 16. dxc5 Qxa4 17. Rxa4 Bc6 18. Raa1 Nxc5 19. Nd4 Be4 20. Rxa8+ Bxa8
21. Nc2 Na6 1-0

[Event "CAN op"]
[Site "Calgary CAN"]
[Date "2023.07.27"]
[Round "7.4"]
[White "Bareev, Evgeny"]
[Black "Soberov, Emil"]
[Result "1-0"]
[WhiteElo "2721"]
[BlackElo "2280"]
[PlyCount "117"]
[EventDate "2023.07.22"]
[EventType "swiss"]
[EventRounds "10"]
[EventCountry "CAN"]

1. d4 Nf6 2. c4 e6 3. g3 Bb4+ 4. Bd2 Be7 5. Bg2 d5 6. Nf3 O-O 7. O-O c6 8. Qc2
b5 9. c5 a5 10. a3 Ne4 11. Be3 Bb7 12. Ne5 f5 13. f3 Ng5 14. Nd2 Nf7 15. Nd3
Nd7 16. Bf2 e5 17. e4 dxe4 18. fxe4 exd4 19. exf5 Nfe5 20. Nf4 Nxc5 21. b4 axb4
22. axb4 d3 23. Qc3 Ncd7 24. Ne6 Qb8 25. Nxf8 Rxa1 26. Qxa1 Qxf8 27. Nf3 Nxf3+
28. Bxf3 Qxf5 29. Bd4 Bf6 30. Bxc6 Qg4 31. Rf4 Qxf4 32. gxf4 Bxc6 33. Qc3 Bxd4+
34. Qxd4 Nf6 35. Qxd3 Be8 36. Qd6 h6 37. Qd8 Kh7 38. Kf2 Bg6 39. Ke3 Bf5 40.
Kd4 Be6 41. Ke5 Bc4 42. Qc8 Bd3 43. Ke6 Bc4+ 44. Ke7 Nd5+ 45. Kf8 Nxf4 46. Qf5+
Ng6+ 47. Ke8 Be2 48. Kd8 h5 49. h4 Kh6 50. Kc7 Kh7 51. Kd6 Kh6 52. Kc5 Kh7 53.
Kd4 Kh6 54. Ke3 Bg4 55. Qxb5 Nxh4 56. Qc6+ g6 57. b5 Kg5 58. b6 Nf5+ 59. Kf2
1-0

[Event "CAN op"]
[Site "Calgary CAN"]
[Date "2023.07.27"]
[Round "7.5"]
[White "Nyzhnyk, Iliya"]
[Black "Reprintsev, Alexander"]
[Result "1-0"]
[WhiteElo "2642"]
[BlackElo "2320"]
[PlyCount "71"]
[EventDate "2023.07.22"]
[EventType "swiss"]
[EventRounds "10"]
[EventCountry "CAN"]

1. d4 d5 2. c4 dxc4 3. Nf3 a6 4. e3 b5 5. a4 Bb7 6. b3 Nf6 7. axb5 axb5 8. Rxa8
Bxa8 9. bxc4 bxc4 10. Ne5 Nbd7 11. Qa4 e6 12. Nd2 c3 13. Ndf3 Bd6 14. Bb5 Ke7
15. Nc6+ Bxc6 16. Bxc6 Nb8 17. Bb5 c6 18. Bd3 Nd5 19. e4 Nb4 20. Bc4 c5 21. e5
Bc7 22. O-O N8c6 23. Qb5 Bb6 24. Bg5+ f6 25. exf6+ gxf6 26. Bc1 Re8 27. Bb3 Na5
28. dxc5 Nxb3 29. cxb6 Nd5 30. Qxb3 Qxb6 31. Qc4 Kf7 32. Qg4 Qb1 33. Re1 Qg6
34. Qa4 Qd3 35. Nd4 Nc7 36. Re3 1-0

[Event "CAN op"]
[Site "Calgary CAN"]
[Date "2023.07.27"]
[Round "7.7"]
[White "Dorrance, Adam"]
[Black "Song, Ethan"]
[Result "0-1"]
[WhiteElo "2401"]
[BlackElo "2255"]
[PlyCount "82"]
[EventDate "2023.07.22"]
[EventType "swiss"]
[EventRounds "10"]
[EventCountry "CAN"]

1. d4 Nf6 2. c4 e6 3. g3 d5 4. Bg2 Be7 5. Nf3 O-O 6. O-O dxc4 7. Nc3 a6 8. Ne5
Nd5 9. Nxc4 Nc6 10. e4 Nxc3 11. bxc3 b5 12. Ne3 Bb7 13. f4 Na5 14. f5 c5 15.
Ba3 b4 16. Bb2 Bg5 17. Ng4 Nc4 18. Qe2 Nxb2 19. Qxb2 exf5 20. Rxf5 bxc3 21.
Qxc3 cxd4 22. Qd3 g6 23. Re5 h5 24. h4 Be7 25. Nf2 Qc7 26. Rxe7 Qxe7 27. Qxd4
Rfd8 28. Qe3 Rac8 29. Rc1 Qe5 30. Kh2 Rxc1 31. Qxc1 Rc8 32. Qb1 Rc3 33. Nh1 Qc7
34. Qe1 Rc2 35. Nf2 Rxa2 36. Qe3 Qc2 37. Kg1 Ra1+ 38. Kh2 Qc1 39. Qd4 Qg1+ 40.
Kh3 Bc8+ 41. g4 Ra3+ 0-1

[Event "CAN op"]
[Site "Calgary CAN"]
[Date "2023.07.27"]
[Round "7.8"]
[White "Ng, Gary"]
[Black "Gao, Raymond"]
[Result "1/2-1/2"]
[WhiteElo "2349"]
[BlackElo "2222"]
[PlyCount "56"]
[EventDate "2023.07.22"]
[EventType "swiss"]
[EventRounds "10"]
[EventCountry "CAN"]

1. Nf3 Nf6 2. g3 b5 3. Na3 a6 4. c4 b4 5. Nc2 e6 6. a3 bxa3 7. bxa3 Bb7 8. Bg2
d6 9. Rb1 Qc8 10. O-O Be7 11. d3 O-O 12. Bb2 c5 13. Qd2 Nc6 14. e4 Qc7 15. Ne3
Rab8 16. Bc3 Nd7 17. Rb3 Nde5 18. Rfb1 Nxf3+ 19. Bxf3 Bg5 20. h4 Bxe3 21. Qxe3
e5 22. Bg4 Ba8 23. Qd2 Rxb3 24. Rxb3 Rb8 25. Qb2 Rxb3 26. Qxb3 Qb7 27. Qxb7
Bxb7 28. Bd7 Kf8 1/2-1/2

[Event "CAN op"]
[Site "Calgary CAN"]
[Date "2023.07.27"]
[Round "7.11"]
[White "Superceanu, Andi"]
[Black "Yam, Alex"]
[Result "0-1"]
[WhiteElo "2095"]
[BlackElo "2362"]
[PlyCount "114"]
[EventDate "2023.07.22"]
[EventType "swiss"]
[EventRounds "10"]
[EventCountry "CAN"]

1. e4 c5 2. Nf3 Nc6 3. d4 cxd4 4. Nxd4 e5 5. Nb5 d6 6. N1c3 a6 7. Na3 Be7 8.
Nc4 b5 9. Ne3 Nf6 10. Bd3 Be6 11. O-O O-O 12. a4 b4 13. Ncd5 Bxd5 14. exd5 Na5
15. Bd2 Qb6 16. c3 bxc3 17. bxc3 g6 18. Kh1 Nd7 19. Rb1 Qc7 20. f4 f5 21. Qe2
Nc5 22. fxe5 dxe5 23. Bc2 e4 24. g3 Bd6 25. Ng2 Rae8 26. Be3 Nab7 27. Qc4 Na5
28. Qe2 Nab7 29. Qc4 Rc8 30. Qe2 Qg7 31. Qd2 Na5 32. Bh6 Nc4 33. Bxg7 Nxd2 34.
Bxf8 Bxf8 35. Ne3 Bh6 36. Ng2 Nd3 37. Bxd3 exd3 38. d6 Rd8 39. Kg1 Nxb1 40.
Rxb1 Rxd6 41. Kf2 Re6 42. Rd1 Re2+ 43. Kf3 Rd2 44. Rb1 Rc2 45. Ne3 Rxc3 46. Nd5
Ra3 47. Rb7 d2+ 48. Ke2 Ra1 49. Nf6+ Kf8 50. Rd7 Re1+ 51. Kf2 Re7 52. Rxe7 Kxe7
53. Nd5+ Kd6 54. Nc3 Kc5 55. Ke2 Kc4 56. Nd1 a5 57. h3 Kb3 0-1

[Event "CAN op"]
[Site "Calgary CAN"]
[Date "2023.07.27"]
[Round "7.12"]
[White "Doknjas, Neil"]
[Black "He, Matthew"]
[Result "1-0"]
[WhiteElo "2297"]
[BlackElo "2140"]
[PlyCount "69"]
[EventDate "2023.07.22"]
[EventType "swiss"]
[EventRounds "10"]
[EventCountry "CAN"]

1. d4 d5 2. c4 e6 3. Nc3 Bb4 4. a3 Bxc3+ 5. bxc3 c5 6. cxd5 exd5 7. e3 Nf6 8.
Bd3 O-O 9. Ne2 b6 10. O-O Ba6 11. f3 Bxd3 12. Qxd3 Re8 13. Ng3 Nc6 14. Bb2 Qd6
15. e4 dxe4 16. fxe4 Rad8 17. Rad1 Qe6 18. d5 Qg4 19. Qc2 Na5 20. Rde1 c4 21.
a4 Nb3 22. Ba3 Qd7 23. Rxf6 gxf6 24. Nh5 Kh8 25. Nxf6 Qf5 26. exf5 Rxe1+ 27.
Kf2 Re5 28. g4 h6 29. h4 Kg7 30. Nh5+ Kg8 31. d6 Nc5 32. Bxc5 bxc5 33. Qd2 Kh7
34. d7 Re7 35. Qd6 1-0

[Event "CAN op"]
[Site "Calgary CAN"]
[Date "2023.07.27"]
[Round "7.13"]
[White "Campbell, Ryan"]
[Black "Marchand, Calix"]
[Result "1-0"]
[WhiteElo "2228"]
[BlackElo "2101"]
[PlyCount "73"]
[EventDate "2023.07.22"]
[EventType "swiss"]
[EventRounds "10"]
[EventCountry "CAN"]

1. e4 c5 2. Nf3 e6 3. d4 cxd4 4. Nxd4 Nf6 5. Nc3 Nc6 6. a3 Be7 7. Be3 O-O 8.
Be2 d5 9. exd5 Nxd5 10. Nxd5 Qxd5 11. Bf3 Qd7 12. Nxc6 bxc6 13. Qxd7 Bxd7 14.
O-O-O Be8 15. Rd3 a5 16. Rc3 Ra6 17. Bc5 Bxc5 18. Rxc5 f6 19. Rd1 Kf7 20. Rd4
Ke7 21. Ra4 Kd6 22. Rcxa5 Rxa5 23. Rxa5 Bd7 24. Kd2 e5 25. c4 f5 26. Be2 g5 27.
b4 Rf6 28. b5 Kc7 29. Ra7+ Kd8 30. a4 g4 31. c5 Rh6 32. Ra8+ Kc7 33. b6+ Kb7
34. Ra7+ Kc8 35. Ba6+ Kd8 36. Ra8+ Ke7 37. b7 1-0

[Event "CAN op"]
[Site "Calgary CAN"]
[Date "2023.07.27"]
[Round "7.15"]
[White "Haessel, Dale"]
[Black "Zhu, Brandon"]
[Result "0-1"]
[WhiteElo "2201"]
[BlackElo "2084"]
[PlyCount "64"]
[EventDate "2023.07.22"]
[EventType "swiss"]
[EventRounds "10"]
[EventCountry "CAN"]

1. d4 d5 2. c4 e6 3. Nc3 c6 4. e3 f5 5. Bd3 Nf6 6. Nh3 Bd6 7. O-O O-O 8. Qc2
Ng4 9. g3 g5 10. f3 dxc4 11. Bxc4 Nh6 12. Qb3 Qf6 13. e4 b5 14. Be2 Qxd4+ 15.
Kh1 Qf6 16. Bxg5 Qg7 17. Bf4 Be7 18. Nf2 a5 19. a4 b4 20. Nb1 c5 21. Bc4 Nc6
22. Bxe6+ Kh8 23. Bd5 Nd4 24. Qd1 Ba6 25. Bxa8 Be2 26. Qxe2 Nxe2 27. Bd5 Nxf4
28. gxf4 fxe4 29. fxe4 Rxf4 30. Nd2 Qxb2 31. Nc4 Qf6 32. Kg2 Rxf2+ 0-1

[Event "CAN op"]
[Site "Calgary CAN"]
[Date "2023.07.27"]
[Round "7.16"]
[White "Murali, Dhruv"]
[Black "Kapra, Jerjis"]
[Result "0-1"]
[WhiteElo "1560"]
[BlackElo "2198"]
[PlyCount "62"]
[EventDate "2023.07.22"]
[EventType "swiss"]
[EventRounds "10"]
[EventCountry "CAN"]

1. b3 e5 2. Bb2 Nc6 3. e3 d5 4. Bb5 Bd6 5. f4 f6 6. fxe5 fxe5 7. Nf3 Bg4 8. h3
Bxf3 9. Qxf3 Nf6 10. c4 O-O 11. Bxc6 bxc6 12. cxd5 cxd5 13. O-O Ne4 14. Qe2
Rxf1+ 15. Qxf1 Qh4 16. Nc3 Rf8 17. Qe1 Ng3 18. Nxd5 Rf1+ 19. Qxf1 Nxf1 20. Rxf1
Qe4 21. Nc3 Qc2 22. Bc1 h6 23. Re1 e4 24. Kf2 Be5 25. Kf1 a5 26. Kg1 Bxc3 27.
dxc3 Qxa2 28. b4 a4 29. Kf1 a3 30. Re2 Qb1 31. Re1 a2 0-1

[Event "CAN op"]
[Site "Calgary CAN"]
[Date "2023.07.27"]
[Round "7.17"]
[White "Henry, Liam"]
[Black "Zhang, Michelle"]
[Result "1-0"]
[WhiteElo "2172"]
[BlackElo "1734"]
[PlyCount "97"]
[EventDate "2023.07.22"]
[EventType "swiss"]
[EventRounds "10"]
[EventCountry "CAN"]

1. Nf3 d5 2. g3 Nf6 3. Bg2 c6 4. O-O Bf5 5. d3 e6 6. Nfd2 d4 7. e4 dxe3 8. fxe3
Nbd7 9. Nc3 Be7 10. Qe2 O-O 11. Kh1 Qc7 12. e4 Bg4 13. Qe1 e5 14. h3 Bh5 15. g4
Bg6 16. Nf3 Nc5 17. Nh4 Ne6 18. Nf5 Bxf5 19. exf5 Nd4 20. Qf2 h6 21. Be3 Rad8
22. Rg1 Rd7 23. Be4 Nh7 24. h4 Qd8 25. g5 hxg5 26. f6 gxf6 27. Bxd4 Rxd4 28.
Qf5 Rxe4 29. Nxe4 Qc8 30. Qf3 Kh8 31. Raf1 Qe6 32. b3 Rg8 33. Rg4 Rg6 34. Ng3
gxh4 35. Nf5 Bc5 36. Rxh4 Qd5 37. Qxd5 cxd5 38. Rf3 Rg5 39. d4 e4 40. Rfh3 Rxf5
41. Rxh7+ Kg8 42. dxc5 d4 43. Rh8+ Kg7 44. Re8 e3 45. Rg3+ Kh7 46. Re4 Rh5+ 47.
Kg2 e2 48. Kf2 Rxc5 49. Rh4+ 1-0

[Event "CAN op"]
[Site "Calgary CAN"]
[Date "2023.07.27"]
[Round "7.19"]
[White "Liu, Zachary"]
[Black "Kostadinov, Georgi"]
[Result "0-1"]
[WhiteElo "2071"]
[BlackElo "2203"]
[PlyCount "74"]
[EventDate "2023.07.22"]
[EventType "swiss"]
[EventRounds "10"]
[EventCountry "CAN"]

1. e4 c5 2. Nf3 d6 3. d4 cxd4 4. Nxd4 Nf6 5. Nc3 a6 6. Bg5 e6 7. f4 Be7 8. Qf3
Qc7 9. O-O-O Nbd7 10. g4 h6 11. Bxf6 Bxf6 12. Kb1 g5 13. e5 dxe5 14. Nxe6 fxe6
15. fxg5 hxg5 16. Rxd7 Qxd7 17. Qxf6 Rg8 18. Bg2 Qg7 19. Ne4 Kd7 20. Qf2 Kc7
21. Nf6 Rd8 22. Qc5+ Kb8 23. Qxe5+ Qc7 24. Qxg5 Bd7 25. a3 Bc6 26. Bxc6 Qxc6
27. Qe5+ Ka7 28. Re1 Rac8 29. c3 Ka8 30. Qe2 Qb6 31. Ka2 Rc6 32. Ne4 a5 33. Qe3
Qb5 34. Qg5 Rd5 35. Qe3 a4 36. Nd2 Rb6 37. b3 Rxd2+ 0-1

[Event "CAN op"]
[Site "Calgary CAN"]
[Date "2023.07.27"]
[Round "7.20"]
[White "Moses, Neil"]
[Black "Srinivasan, Hemant"]
[Result "1-0"]
[WhiteElo "1985"]
[BlackElo "2200"]
[PlyCount "77"]
[EventDate "2023.07.22"]
[EventType "swiss"]
[EventRounds "10"]
[EventCountry "CAN"]

1. e4 c6 2. d4 d5 3. e5 c5 4. dxc5 e6 5. Be3 Nd7 6. Bb5 Ne7 7. Bd4 Qa5+ 8. Nc3
Nc6 9. Rb1 Qc7 10. Bxc6 bxc6 11. Qg4 h5 12. Qg5 Ba6 13. b4 g6 14. Qe3 Bg7 15.
f4 g5 16. g3 h4 17. Nf3 hxg3 18. Nxg5 g2 19. Rg1 Bf1 20. Qg3 Bh6 21. a4 Ke7 22.
Nd1 Raf8 23. Ne3 a5 24. Nxf1 gxf1=Q+ 25. Rxf1 axb4 26. Qh4 Bxg5 27. Qxg5+ Ke8
28. f5 Rfg8 29. Qf4 Qa5 30. fxe6 fxe6 31. Qf7+ Kd8 32. Qxe6 b3+ 33. c3 Qxa4 34.
Rf7 Qa7 35. Qe7+ Kc8 36. e6 Re8 37. Qd6 Rh6 38. Re7 Rxe7 39. Qxe7 1-0